| 000 | 00367cam a22001217a 4500 | ||
|---|---|---|---|
| 008 | 180718b1968 xxu||||| |||| 00| 0 eng d | ||
| 082 | _aO97084x54 K897 | ||
| 100 | _aKrishna Murthy, K.G. | ||
| 245 |
_aResearch in family planning in India _cby K.G. Krishna Murthy |
||
| 260 |
_aJullundur _bSterting _c1968 |
||
| 300 | _a108p. | ||
| 650 | _aBirth Control - India - Research | ||
| 999 |
_c369779 _d369779 |
||